Kraje po podpowiedziach - Statystyki

Ogólne statystyki
  • Ten quiz został rozwiązany 48 razy
    14 od ostatniego zresetowania
  • Średni wynik to 17 z 17
Statystyki odpowiedzi
Hint Odpowiedź % Poprawnych
Piramidy, Faraony. Hieroglify. Egipt
100%
Wieża Eiffla. Francja
100%
syrop klonowy, hokey. Kanada
100%
Tacosy. Meksyk
100%
Piwo, berlin. Niemcy
100%
Kluski śląskie, Rosół, Żurek. Polska
100%
Cristiano Ronaldo. Portugalia
100%
Kaliningrad, agresor wojny na ukrainie. Rosja
100%
Brooklyn, Miami beach, 50 stanów. Stany Zjednoczone
100%
Frank, nie ma stolicy. Szwajcaria
100%
Zwycięzca mistrzostw świata w piłce nożnej w roku 1930 Urugwaj
100%
Papryka, Budapeszt. Węgry
100%
Funty Wielka brytania
100%
FC Barcelona, Real Madryt Hiszpania
90%
Największa ludność na świecie. Indie
90%
Pizza,spaghetti. Włochy
90%
Anschluss, Wiedeń. Austria
80%
Nie znaleziono quizów pasujących do podanych kryteriów
Rozkład punktacji
Procent ludzi z każdym wynikiem
Percentyl według liczby udzielonych odpowiedzi
Twoja historia wyników
Nie rozwiązałeś tego quizu od ostatniego zresetowania